| 000 | 00379nam a2200157Ia 4500 | ||
|---|---|---|---|
| 008 | 221030s9999 xx 000 0 und d | ||
| 020 | _a8120300300 | ||
| 041 | _aEnglish | ||
| 082 |
_a105.23 _bRaj |
||
| 100 | _aV. Rajaraman | ||
| 245 | 0 |
_aComputer Programming In COBOL _cby V. Rajaraman |
|
| 260 |
_bPHI _aNew Delhi _c2000 |
||
| 300 | _a268 | ||
| 650 | _aBE Computer | ||
| 942 | _cBK | ||
| 999 |
_c898 _d898 |
||